Chanson - Complétez Les Bobos de Renaud - Statistiques

Statistiques générales
  • Ce quiz a été pris 127 fois
  • Le résultat moyen est 46 sur 60
Statistiques - réponses
Hint Réponse % Correct
b On les appelle {bourgeois} bohêmes
98%
i Ou bien bobos pour les {intimes}
98%
e Ont des {enfants} bien élevés
96%
i Sont fiers de payer beaucoup d'{impôts}
96%
r On les retrouve à chaque {rime}
94%
v Préfèrent se déplacer à {vélo}
93%
j Ils fument un {joint} de temps en temps
91%
q Les bobos, les bobos Les bobos, les bobos Ils vivent dans les beaux {quartiers}
91%
C Passent leurs vacances au {Cap} Ferret
91%
é Qui vont dans des {écoles} privées
91%
I France {Info} toute la journée
90%
c La Côte d'Azur, franchement ça {craint}
89%
l Ou en banlieue mais dans un {loft}
88%
s Qui ont lu le Petit Prince à {six} ans
88%
F Bien plus tendance que l'avenue {Foch}
87%
c Ils sont une nouvelle {classe}
87%
b Font leurs courses dans les marchés {bios}
85%
r Ils {regardent} surtout ARTE
85%
c Leur livre de {chevet} c'est Cioran
85%
I Près du catalogue {Ikea}
85%
R {Roulent} en quatre quatre mais le plus souvent
85%
c Les bobos, les bobos Les bobos, les bobos Ils écoutent sur leur {chaîne} hi-fi
84%
m Sauf pour les {matchs} du PSG
84%
p Après les bourges et les {prolos}
83%
p Et de temps en temps un petit {porno}
83%
j Ils aiment les restos {japonais}
81%
d J'vais vous en {dresser} le tableau
81%
b Mais leur passion c'est leur {boulot}
81%
b Ateliers d'artistes {branchés}
80%
T Les Inrocks et {Télérama}
80%
D Dans les chanson de Vincent {Delerm}
79%
c Et le cinéma {coréen}
78%
t Mais votent {toujours} Ecolo
78%
h Même s'ils ont {honte} de l'avouer
76%
M Ardisson et son pote {Marco}
75%
B Bedos et Jean Marie {Bigard}
75%
G Et forcement {Gérard} Manset
75%
P Ils adorent le maire de {Paris}
75%
r Privées de {racaille}, je me comprends
75%
H Alain Bashung, Françoise {Hardy}
74%
a Sont un peu {artistes}, c'est déjà ça
74%
i Dans l'{informatique}, les médias
73%
b Canal+, c'est pour les {blaireaux}
72%
D Ils aiment {Desproges} sans même savoir
71%
b Pas loin des {beaufs}, quoique plus classe
71%
b Zadig & Voltaire, je dis {bravo}
70%
S Ils aiment Jack Lang et {Sarkozy}
66%
f Les bobos, (qui ça) les bobos Les bobos (où ça) les bobos La femme se {fringue} chez Diesel
65%
A Lui c'est {Armani} ou Kenzo
64%
d Que Desproges les {détestait}
63%
M En écoutant {Manu} Chao
62%
p Ma plume est un {peu} assassine
62%
g Boivent de la Manzana {glacée}
61%
t Pour ces gens que je n'aime pas {trop}
57%
l Que je fais aussi partie du {lot}
57%
c Par {certains} côtés, j'imagine
53%
b Les galeries d'art, les vieux {bistrots}
48%
f Ils {fréquentent} beaucoup les musées
46%
c Pour leur {cachemire} toujours nickel
43%
H Les bobos, les bobos Les bobos, les bobos Ils lisent {Houellebecq} ou Philippe Djian
39%
Aucun quiz correspondant
Distribution des résultats
% des personnes avec chaque résultat
Percentile par nombre de réponses
Votre historique - résultats
Vous n’avez pas pris ce quiz